|
|
|
|
| LEADER |
01257nam a22003012a 4500 |
| 001 |
000175273 |
| 003 |
CZ BrMZK |
| 005 |
20140923211940.0 |
| 007 |
ta |
| 008 |
950101s1977 xr a f cze d |
| 015 |
|
|
|a cnb000460923
|
| 035 |
|
|
|a (OCoLC)3769790
|
| 040 |
|
|
|a ABA001
|b cze
|c HKA001
|d ABA001
|d BOA001
|
| 080 |
9 |
|
|a 612.78
|
| 080 |
9 |
|
|a 37.01:784
|
| 100 |
1 |
|
|a Lacina, Oldřich,
|d 1924-2016
|7 jk01071356
|4 aut
|
| 245 |
1 |
0 |
|a Problémy zpěvního hlasu /
|c Oldřich Lacina
|
| 250 |
|
|
|a 1. vyd.
|
| 260 |
|
|
|a Praha :
|b Panton,
|c 1977
|
| 300 |
|
|
|a 147, [3] s. :
|b il. ;
|c 8°
|
| 500 |
|
|
|a 5000 výt.
|
| 500 |
|
|
|a Slovníček cizích slov
|
| 504 |
|
|
|a Obsahuje bibliografii
|
| 520 |
2 |
|
|a Populárně psaná práce na hranici mezi foniatrií a pěveckou pedagogikou se zabývá vedle anatomie a fyziologie hlasového ústrojí a odborné analýzy dýchání při zpěvu pěveckými potížemi, hlasovými vadami a poruchami a různýmivlivy na zpěvní hlas a seznamuje s hlasovou hygienou, hlasovou léčbou a nastiňuje, jaká by měla být ideální pěvecká technika.
|
| 910 |
|
|
|a BOA001
|b 1-0780.238
|b PK-0080.986
|
| 990 |
|
|
|a BK
|
| 995 |
|
|
|a 01
|
| 996 |
6 |
|
|b 2619948709
|c 1-0780.238
|l MZK
|r Sklad / do 1 hodiny
|n 23
|w 000175273
|u 000010
|a 1
|e BOA001
|j MZK50
|s P
|